00618nam a2200169Ia 4500082001200000100002800012245009800040260004100138300002500179650005700204650004400261650003500305650002800340650005100368710001500419710001400434 aTJ.0002 aJain, Purnendra Chandra 0aLimited local autonomy in Japan : Public housing policy and the Tokyo Metropolitan Government c1987bGriffith University, Australia axvii, 328p. + C D -6 aINTER GOVERNMENTAL RELATIONS//CENTRE STATE RELATIONS aMETROPOLITAN GOVERNMENT - JAPAN - TOKYO aCENTRE STATE RELATIONS - JAPAN aHOUSING - JAPAN - TOKYO aMUNICIPAL GOVERNMENT///METROPOLITAN GOVERNMENT aMoore, Joe aRix, Alan